Biblioteca

D. L. Moody and his work (Registro nro. 40617)

Detalles MARC
000 -LÍDER
Campo fijo de descripción fija 007870000a22002650004500
001 - NÚMERO DE CONTROL
Campo de control 11266
003 - IDENTIFICADOR DEL NÚMERO DE CONTROL
Campo de control CO-MdFUSB
005 - FECHA Y HORA DE LA ULTIMA TRANSACCIÓN
control field 20160608080602.0
008 - ELEMENTOS DE LONGITUD FIJA -- INFORMACIÓN GENERAL
Campo fijo de descripción fija -- Información general 160608b xxu||||| |||| 00| 0 eng d
040 ## - FUENTE DE CATALOGACIÓN
Agencia que realiza la transcripción CO-MdFUSB
Agencia que realiza la modificación CO-MdFUSB
041 0# - CÓDIGO DE IDIOMA
Código de idioma para texto/pista de sonido o título separado eng
082 04 - NÚMERO DE CLASIFICACIÓN DECIMAL DEWEY
Número de clasificación G 920
Número de la edición del Dewey 20
Clave de autor-Numero de item D1861m
100 1# - ASIENTO PRINCIPAL--NOMBRE PERSONAL
Nombre personal Daniels, W. H.
245 00 - TÍTULO
Título del Material D. L. Moody and his work
Mención de responsabilidad, etc. / W. H. Daniels
264 #4 - PRODUCCIÓN, PUBLICACIÓN, DISTRIBUCIÓN, MANUFACTURA, Y COPYRIGHT
Lugar de producción, publicación, distribución, manufactura Hartford
Nombre del productor, publicador, distribuidor : American Publishing Company,
Fecha de producción, publicación, distribución, manufactura, o copyright 1877
300 ## - DESCRIPCIÓN FÍSICA
Extensión 460 Pág.
336 ## - TIPO DE CONTENIDO
Fuente rdacontent
Término de tipo de contenido
Código de tipo de contenido
337 ## - TIPO DE MEDIO
Fuente rdamedia
Nombre del tipo de medio
Código del tipo de medio
338 ## - TIPO DE SOPORTE
Fuente rdacarrier
Nombre del tipo de soporte
Código Tipo de soporte
490 ## - MENCIÓN DE SERIE
Mención de serie Europeanlibraries
653 ## - TÉRMINO DE INDIZACIÓN - NO CONTROLADO
Término no controlado Moody, Dwight Lyman, 1837-1899
653 ## - TÉRMINO DE INDIZACIÓN - NO CONTROLADO
Término no controlado Evangelistas -- Estados Unidos
856 ## - LOCALIZACIÓN Y ACCESO ELECTRÓNICOS
Ruta de acceso https://archive.org/details/dlmoodyandhiswo02danigoog
Nota dirigida al público <a href="Versión electrónica">Versión electrónica</a>
942 ## - TIPO DE MATERIAL (KOHA)
Tipo de Item KOHA Libros General
Existencias
Estado de Material Estado de Perdido Forma de Clasificación Estado de Dañado No para Préstamo Colección Tomo Biblioteca de Origen Biblioteca Permanente Fecha de Adquisición Total de Préstamos Signatura Topográfica Código de Barras Última vez visto Ejemplar/Existencia Fecha de Remplazo Tipo de Material
    Dewey Decimal Classification     Colección Patrimonial   Biblioteca FUSBC Biblioteca FUSBC 26/01/2005   P 920 D1861m 10607 12/12/2019 1 26/01/2016 Libros Patrimoniales

Biblioteca FUSBC | Teléfono: (57+4) 349 88 10 Ext. 141| WhatsApp (+57) 3005338115 
E-mail: biblioteca@unisbc.edu.co | Calle 76 87-14 Robledo Palenque, Medellín, Colombia

Con tecnología Koha